Whole life carbon assessment for the built environment (Record no. 116120)
[ view plain ]
| 000 -LEADER | |
|---|---|
| fixed length control field | 01907cam a22002775a 4500 |
| 001 - CONTROL NUMBER | |
| control field | L159810 |
| 008 - FIXED-LENGTH DATA ELEMENTS--GENERAL INFORMATION | |
| fixed length control field | 121204s2017 xxk f 000 0 eng d |
| 020 ## - INTERNATIONAL STANDARD BOOK NUMBER | |
| ISBN | 9781783212088 |
| 035 ## - SYSTEM CONTROL NUMBER | |
| System control number | (Sirsi) u159810 |
| 041 0# - LANGUAGE CODE | |
| Language code of text/sound track or separate title | eng |
| 110 2# - MAIN ENTRY--CORPORATE NAME | |
| Corporate author | Royal Institution of Chartered Surveyors |
| 245 00 - TITLE STATEMENT | |
| Title | Whole life carbon assessment for the built environment |
| Medium | [electronic resource] |
| 260 ## - PUBLICATION INFORMATION | |
| Place of publication | London |
| Publisher | RICS |
| Date | 2017 |
| 490 #0 - SERIES TITLE | |
| Series statement | RICS Guidance Note |
| 490 #0 - SERIES TITLE | |
| Series statement | RICS Professional Statement |
| 520 ## - ABSTRACT | |
| Abstract | Mandates a whole life approach to reducing carbon emissions within the built environment. It sets out specific mandatory principles and supporting guidance for the interpretation and implementation of EN 15978 methodology. Specific objectives of this professional statement include providing a consistent whole life carbon assessment implementation plan and reporting structure for built projects, and promoting the reliability of whole life carbon assessments by acting as a solid reference for the industry. It is intended primarily for a UK audience. However, while the numeric assumptions are based on UK locations and standard practices, geographic adjustments are highlighted to enable the requirements and guidance to be applied in other countries. |
| 520 ## - ABSTRACT | |
| Abstract | Superseded from 1 July 2024 by 2nd edition published September 2023 ISBN 9781783215034 |
| 650 24 - KEYWORDS | |
| Keywords | CARBON EMISSIONS |
| 650 24 - KEYWORDS | |
| Keywords | EN 15978 |
| 650 24 - KEYWORDS | |
| Keywords | WHOLE LIFE APPRAISAL |
| 651 #4 - SUBJECT ADDED ENTRY--GEOGRAPHIC NAME | |
| Geographic name | United Kingdom |
| 690 ## - BROAD SUBJECT | |
| Broad subject | Quantity surveying |
| 9 (RLIN) | 6263 |
| 856 41 - ONLINE RESOURCE | |
| Uniform Resource Identifier | <a href="https://www.isurv.com/downloads/file/7491/whole_life_carbon_assessment_for_the_built_environment_1st_edition">https://www.isurv.com/downloads/file/7491/whole_life_carbon_assessment_for_the_built_environment_1st_edition</a> |
| Public note | Archived on isurv (subscription required) |
| 856 41 - ONLINE RESOURCE | |
| Uniform Resource Identifier | <a href="https://www.rics.org/content/dam/ricsglobal/documents/standards/whole_life_carbon_assessment_for_the_built_environment_1st_edition_rics.pdf">https://www.rics.org/content/dam/ricsglobal/documents/standards/whole_life_carbon_assessment_for_the_built_environment_1st_edition_rics.pdf</a> |
| Public note | 1st edition in force until 1 July 2024 |
| 942 ## - ADDED ENTRY ELEMENTS (KOHA) | |
| Suppress in OPAC | Do not suppress in OPAC |
| Lost status | Source of classification or shelving scheme | Damaged status | Not for loan | Home library | Current library | Shelving location | Date acquired | Total Checkouts | Full call number | Barcode | Date last seen | Copy number | Price effective from | Koha item type |
|---|---|---|---|---|---|---|---|---|---|---|---|---|---|---|
| Dewey Decimal Classification | Virtual | Virtual | Online | 12/02/2018 | ONLINE PUBLICATION | 159810-2001 | 23/03/2023 | 1 | 06/08/2019 | Book |